Quizzes
Events
Quiz Creation
Community
Videos
Private Events
Remove Ads
Sign In
Join for FREE
Feedback
Dark Mode
Quiz Categories
Sports
Geography
Music
Movies
Television
Just For Fun
Miscellaneous
History
Literature
Language
Science
Gaming
Entertainment
Religion
Holiday
For Kids
Quiz Lab
Recent
Popular Today
Quiz Kudos Today
Editor Picks
Curator Picks
Quizzes by...
Day
Popularity
Type
Ratings
Length
Year
Community
Subscriptions
Recent Discussions
Orange Saloon
Badges
Playlists
Quests
Create
Leaderboards
Showdown
Live 5
Trivia Bingo
Activity
Puzzle Library
Sporcle Events
Private Events
Virtual Trivia
Globe League
Become a Host
Pub Owners
SporcleCon
Opinionation
Our Games
Videos
Blog
Mobile Apps
Partnerships
Remove Ads and Go Orange
Feedback
Movies
Disney
Marvel Cinematic Universe
Movie Resume
Movie Titles
Oscar
Actor
Actress
Director
Pixar
Role
Movie Quotes
Movie Characters
Box Office
Nominee
Best Picture
Star Wars
James Bond
Horror Movies
Movies
Disney
Marvel Cinematic Universe
Movie Resume
Movie Titles
Oscar
Actor
Actress
Director
Pixar
Role
Movie Quotes
Movie Characters
Box Office
Nominee
Best Picture
Star Wars
James Bond
Horror Movies
Random Quiz
Search Sporcle
×
Quiz Lab
Quiz Lab
Movies
Board Games
Type in answers that appear in a list
Type in answers that appear in a list
Classic
Best Score? Go Orange.
Live-Action Video Game Movies Stats
Can you name the live-action movies based on video games?
By
hellsing920
7m
28 Questions
119 Plays
119 Plays
119 Plays
Comments
Comments
Give Quiz Kudos
Give Quiz Kudos
-
- Ratings
hide this ad
Replay
Link that replays current quiz
Next Quiz
Link to next quiz in quiz playlist
You Got
0%
They Got
Avg Score
36%
Avg Friend Score
Upgrade to see
Score Distribution
Jump to the score distribution portion of the page
Score
0/28
Timer
07:00
0
Plays Today
Year
Movie
% Correct
1993
Super Mario Bros.
84%
2002
Resident Evil
73.1%
1995
Mortal Kombat
68.9%
1994
Street Fighter
68.1%
2004
Resident Evil: Apocalypse
66.4%
2007
Resident Evil: Extinction
63%
2005
Doom
55.5%
1997
Mortal Kombat: Annihilation
54.6%
2001
Lara Croft: Tomb Raider
47.9%
2006
Silent Hill
43.7%
1994
Double Dragon
41.2%
2003
Lara Croft Tomb Raider: The Cradle Of Life
40.3%
2008
Street Fighter: The Legend Of Chun-Li
33.6%
2005
BloodRayne
32.8%
Year
Movie
% Correct
2005
Alone In The Dark
31.9%
2006
Dead or Alive
27.7%
2008
Max Payne
27.7%
2009
Tekken
26.9%
2003
House Of The Dead
26.1%
2007
Hitman
23.5%
2008
Far Cry
20.2%
2007
Postal
18.5%
2008
In The Name Of The King: A Dungeon Seige Tale
16.8%
1999
Wing Commander
15.1%
2009
The King Of Fighters
12.6%
2008
Yakuza: Like A Dragon
7.6%
2008
OneChanbara
4.2%
2006
Forbidden Siren
3.4%
Quiz Playlist
Details
Report
Send in Message
Add To Playlist
Classic:
Type in answers that appear in a list
Quiz Source
Last Updated: Feb 16, 2017
Quiz Scoreboard
CHALLENGE
Sign Up to Join the Scoreboard
Show All
Scores
Hide
Comments
May contain spoilers
Recently Published
1-10 Letter E Words III
by El_Dandy
Language
2m
One Thing in Common: World Cities II
by knightlancer
Geography
7m
Popular People in 1961
by mucciniale
History
6m
More to Explore
Quiz From the Vault
Featured Blog Post
Where Did the Easter Bunny Come From?
hide this ad
You Might Also Like...
Tags
Board Games Quiz
Live-action
Video
Today's Top Quizzes in Movies
Browse Movies
hide this ad
Today's Top Quizzes in Board Games
Browse Board Games
Top Contributed Quizzes in Movies
1
Multi-Oscar Nominations, One Movie, One Winner
2
12 Movies about Fictional 1960s Events
3
One Thing in Common: Movies
4
Three Word 'T' Movies Match Up
5
Sunday Crossword: Film Score Composers
6
One Thing in Common: Movies II
7
Three Word 'H' Movies Match Up
8
Three Word 'M' Movies Match Up
9
One Thing in Common: Oscars
10
Three Word 'P' Movies Match Up
Explore More
Trending Topics
Kpop
NBA
Crossword
Anime
Disney
Marvel
Harry Potter
The Office
Soccer
Pokémon
Country
Song
WWE
NFL
Puzzle
hide this ad
More By:
hellsing920
Quiz
Plays
Rating
Category
Featured
Created
Comic Book Cause Of Death
1,125
3.33
Entertainment
Apr 7, 2010
Live-Action Video Game Movies
119
3.00
Movies
Apr 17, 2010
Tag Teams By Members
98
5.00
Sports
Apr 10, 2010
Go to Creator's Profile
Score Distribution
Quiz Creator Spotlight
hellsing920
Follow
Send a Message
Quizzes Created
-
Created Quiz Play Count
-
More By This Creator
Popular Quizzes Today
1
Find the US States - No Outlines Minefield
2
Find the Countries of Europe - No Outlines Minefield
3
The Countries of the World
4
Popular People in 1961
5
1-10 Letter E Words III
6
Find the US States
7
One Thing in Common: World Cities II
8
US States
More Movies Quizzes
Marvel Cinematic Universe by Working Title III
Quiz Lab
Trending Quizzes
Risky Map Clicking: Least Populous States A-Z
1-10 Letter F Words
1-10 Letter G Words
One Thing in Common: United Kingdom
Risky Map Clicking: Biggest States A-Z
Recently Updated
Leaping Animals
pecheneg
Reality TV Shows (A-Z)
bhenderson79
Rickey Henderson's Hall of Fame Teammates
pecheneg
Champions League XIs: Arsenal
pecheneg
Quick Pick: Celebrities in WWE's Hall of Fame
aduchscher
A-Z Keypad Blitz II
pecheneg
Multiple Oscar Actors
pecheneg
Mystery Phrase Blitz: Oscar 'Best Actors'
pecheneg
F. Scott Fitzgerald Novels
LTH
Pick 3 Villains
ddd62291
Trending Topics
Marvel
Kpop
Harry Potter
Crossword
Anime
Disney
NBA
Pokémon
NFL
WWE
The Office
Puzzle
Song
Soccer
Country
Your Account Isn't Verified!
In order to create a playlist on Sporcle, you need to verify the email address you used during registration. Go to your
Sporcle Settings
to finish the process.
Report this User
Report this user for behavior that violates our
Community Guidelines
.
Details:
Send Report
Go to the Sporcle.com Mobile Site →
Comments